Las maras y la nueva guerra salvadoreña /

Sparad:
Bibliografiska uppgifter
Huvudupphovsman: Hernández-Anzora, Marlon
Materialtyp: Bok
Språk:Spanish
Taggar: Lägg till en tagg
Inga taggar, Lägg till första taggen!

MARC

LEADER 00000nam a22000007a 4500
003 cru CIDCACS/IIS
005 20200925161326.0
007 ta
008 170405e2016 ag ||||| |||| 00| 0 spa d
040 |c CRAI/IIS  |a CRAI/IIS 
100 1 |9 3938  |a Hernández-Anzora, Marlon 
245 1 |a Las maras y la nueva guerra salvadoreña /  |c Marlon Hernández-Anzora 
300 |a páginas 96-106 
773 0 |0 19022  |9 585  |a Fundación Friedrich Ebert  |d Fundación Friedrich Ebert; Nueva Sociedad  |o R19092  |t Nueva Sociedad / 
942 |2 ddc  |c PP 
999 |c 19124  |d 19124